000 00634nam a2200253Ia 4500
001 6637
005 20240113233930.0
007 ta
008 050628s1962 a g b000 u hin u
020 _cPB
040 _aCotton College Assam
041 _ahin
082 _a891.43309
_bP 39 P
100 _aNagarjun, .
245 0 _aPremchand /
_cNagarjun.
_hTextual Documents
250 _a1st ed. /
260 _aDelhi :
_bPeoples Publishing House ,
_c1962.
300 _a75p. :
_bill. ;
_c19cm .
653 _aHindi novel-Criticism
653 _aGen-Hindi
942 _2ddc
_cBK
999 _c6624
_d6624